000 00662nas a2200205 a 4500
001 000037946
003 DLC
005 20201002031136.0
008 130311c20129999dr r1p d 0 0spa d
040 _aDO-SdBNP
_bspa
_cBNPHU
043 _anwdr
130 0 _aLa lupa sin trabas
_964365
245 0 0 _aLa lupa sin trabas.
260 _aSanto Domingo :
_bGrupo Editorial Nueva Crónica,
_c2012-.
300 _av.-:
_ail. ;
_c27 cm.
310 _aQuincenal
362 1 _aInicia con: No. 1 (8 de agosto 2012).
500 _aDescripción basada en: No. 1 (8 de agosto de 2012)
651 4 _aRepública Dominicana
_xCondiciones Sociales
_vPUBLICACIONES PERIÓDICAS
_932701
999 _c37436
_d37436